Tareekh nazriah Pakistan = تاریخ نظریہ پاکستان/ (Record no. 122365)
[ view plain ]
| 000 -LEADER | |
|---|---|
| fixed length control field | 00484nam a22001457a 4500 |
| 005 - DATE AND TIME OF LATEST TRANSACTION | |
| control field | 20210526110831.0 |
| 008 - FIXED-LENGTH DATA ELEMENTS--GENERAL INFORMATION | |
| fixed length control field | 210526b ||||| |||| 00| 0 eng d |
| 040 ## - CATALOGING SOURCE | |
| Transcribing agency | PK-LaUMT |
| 082 ## - DEWEY DECIMAL CLASSIFICATION NUMBER | |
| Classification number | RHC 320.5595491 |
| Item number | SAL-T |
| 100 ## - MAIN ENTRY--PERSONAL NAME | |
| Personal name | Saleem, Muhammad = سلیم، محمد |
| 245 ## - TITLE STATEMENT | |
| Title | Tareekh nazriah Pakistan = تاریخ نظریہ پاکستان/ |
| Statement of responsibility, etc | by Muhammad Saleem = از محمد سلیم |
| 260 ## - PUBLICATION, DISTRIBUTION, ETC. (IMPRINT) | |
| Place of publication, distribution, etc | Lahore : |
| Name of publisher, distributor, etc | Idarah Taleemi Tahqeeq, |
| Date of publication, distribution, etc | 1985 |
| 300 ## - PHYSICAL DESCRIPTION | |
| Extent | 287 p. |
| 942 ## - ADDED ENTRY ELEMENTS (KOHA) | |
| Koha item type | Books |
| Withdrawn status | Lost status | Damaged status | Home library | Current library | Date acquired | Full call number | Barcode | Date last seen | Price effective from | Koha item type |
|---|---|---|---|---|---|---|---|---|---|---|
| UMT Main Campus | UMT Main Campus | 2021-05-26 | RHC 320.5595491 SAL-T | 136783 | 2021-05-26 | 2021-05-26 | Books |
